[Event "Open 2005 des PSV Rostock"]
[Site "Rostock"]
[Date "2005.08.26"]
[Round "3.3"]
[White "Kliewe, Hans Juergen"]
[Black "Hetey, Laszlo"]
[Result "1/2-1/2"]
[WhiteElo "2166"]
[BlackElo "2322"]
[PlyCount "58"]
[EventDate "2005.08.25"]
[EventType "swiss"]
[EventRounds "7"]
[EventCountry "GER"]
[Source "Th. Schwetlick"]
[SourceDate "2005.08.25"]

1. d4 Nf6 2. c4 e6 3. Nf3 b6 4. Nc3 Bb7 5. Qc2 c5 6. e4 cxd4 7. Nxd4 d6 8. Bd3
Be7 9. O-O a6 10. h3 Qc7 11. Be3 Nbd7 12. Nf3 Rc8 13. Qe2 Nc5 14. Nd2 Nxd3 15.
Qxd3 O-O 16. f3 Rfd8 17. Rac1 Bc6 18. Qe2 Qb8 19. a4 Rc7 20. f4 Qb7 21. Bf2 Re8
22. Rfe1 Nd7 23. b4 Qa8 24. Nb3 Bf6 25. Bd4 e5 26. fxe5 Bxe5 27. Qd3 Bf4 28.
Rc2 Qd8 29. Rf1 Ne5 1/2-1/2

[Event "Open 2005 des PSV Rostock"]
[Site "Rostock"]
[Date "2005.08.26"]
[Round "3.4"]
[White "Hoffmann, Hendrik"]
[Black "Schoengart, Ralf"]
[Result "1-0"]
[WhiteElo "2284"]
[BlackElo "2112"]
[PlyCount "65"]
[EventDate "2005.08.25"]
[EventType "swiss"]
[EventRounds "7"]
[EventCountry "GER"]
[Source "Th. Schwetlick"]
[SourceDate "2005.08.25"]

1. e4 c6 2. d4 d5 3. exd5 cxd5 4. c4 Nf6 5. Nc3 e6 6. Nf3 Be7 7. cxd5 Nxd5 8.
Bd3 Nc6 9. O-O Bf6 10. Re1 O-O 11. Be4 h6 12. a3 Nce7 13. Nxd5 exd5 14. Bc2 Bg4
15. Bf4 Rc8 16. Bb3 Re8 17. Be5 Nc6 18. h3 Bxf3 19. Qxf3 Bxe5 20. dxe5 Nd4 21.
Qxd5 Qxd5 22. Bxd5 Nc2 23. e6 fxe6 24. Rxe6 Kh8 25. Rxe8+ Rxe8 26. Rc1 Nd4 27.
Rc7 Re1+ 28. Kh2 Re2 29. Rxb7 Rxf2 30. Rb8+ Kh7 31. Be4+ g6 32. Rb7+ Kh8 33.
Bxg6 1-0

[Event "Open 2005 des PSV Rostock"]
[Site "Rostock"]
[Date "2005.08.26"]
[Round "3.6"]
[White "Bahr, Enrico"]
[Black "Gottschalk, Jens"]
[Result "1/2-1/2"]
[WhiteElo "2004"]
[BlackElo "2219"]
[PlyCount "28"]
[EventDate "2005.08.25"]
[EventType "swiss"]
[EventRounds "7"]
[EventCountry "GER"]
[Source "Th. Schwetlick"]
[SourceDate "2005.08.25"]

1. d4 Nf6 2. e3 d5 3. Bd3 g6 4. Nd2 Bg7 5. f4 Bg4 6. Ngf3 Nbd7 7. h3 Bxf3 8.
Qxf3 c5 9. c3 cxd4 10. exd4 Qc7 11. Nf1 e6 12. Bd2 O-O 13. g4 Ne8 14. h4 Nd6
1/2-1/2

[Event "Open 2005 des PSV Rostock"]
[Site "Rostock"]
[Date "2005.08.26"]
[Round "3.7"]
[White "Giese, Guido"]
[Black "Lorenz, Joerg"]
[Result "0-1"]
[WhiteElo "2037"]
[BlackElo "2163"]
[PlyCount "64"]
[EventDate "2005.08.25"]
[EventType "swiss"]
[EventRounds "7"]
[EventCountry "GER"]
[Source "Th. Schwetlick"]
[SourceDate "2005.08.25"]

1. Nc3 e6 2. e4 d5 3. d4 Nf6 4. Bg5 Bb4 5. e5 h6 6. Bd2 Bxc3 7. bxc3 Ne4 8. Bc1
c5 9. Bd3 Nxc3 10. Qg4 Kf8 11. Ba3 Nd7 12. dxc5 Nxe5 13. Qb4 Ne4 14. c6+ Kg8
15. cxb7 Bxb7 16. Bxe4 Ba6 17. Bf3 Rb8 18. Qc3 d4 19. Qc5 Rb5 20. Qe7 Qa5+ 21.
Kd1 Qc3 22. Be4 Qxa1+ 23. Bc1 g6 24. f4 Rb1 25. Ne2 d3 26. cxd3 Ng4 27. Qxa7
Qxa2 28. h3 Nf6 29. Qd4 Nxe4 30. Qxe4 Kh7 31. h4 Rc8 32. h5 Qc2+ 0-1

[Event "Open 2005 des PSV Rostock"]
[Site "Rostock"]
[Date "2005.08.26"]
[Round "3.8"]
[White "Heinisch, Uwe"]
[Black "Luetje, Juergen"]
[Result "0-1"]
[WhiteElo "1600"]
[BlackElo "2135"]
[PlyCount "118"]
[EventDate "2005.08.25"]
[EventType "swiss"]
[EventRounds "7"]
[EventCountry "GER"]
[Source "Th. Schwetlick"]
[SourceDate "2005.08.25"]

1. d4 d5 2. Nf3 Nf6 3. e3 e6 4. Bd3 c5 5. c3 Nc6 6. Nbd2 Be7 7. O-O O-O 8. Qe2
Qc7 9. e4 dxe4 10. Nxe4 cxd4 11. cxd4 Nb4 12. Be3 Nxd3 13. Qxd3 Nxe4 14. Qxe4
Rd8 15. Rfc1 Qa5 16. Bf4 Bd6 17. Bxd6 Rxd6 18. Rc5 Qb6 19. b3 f6 20. Nd2 Qd8
21. Nf3 f5 22. Qe3 b6 23. Re5 Bd7 24. Re1 Qf6 25. g3 h6 26. Nd2 b5 27. b4 a5
28. Qc3 Rc8 29. Rc5 Rxc5 30. bxc5 Qxd4 31. Qxd4 Rxd4 32. Nb3 Ra4 33. Rd1 Bc6
34. Nd4 Bd5 35. Nxb5 Rc4 36. Nc7 Rxc5 37. Nxd5 Rxd5 38. Re1 e5 39. Re2 Kf7 40.
f3 Ke6 41. h4 Rd3 42. Kf2 a4 43. Kg2 Kd5 44. Kf2 a3 45. g4 fxg4 46. fxg4 e4 47.
Kg2 Kd4 48. Kf2 Rf3+ 49. Kg2 Kd3 50. Re1 Re3 51. Rd1+ Kc3 52. Kf2 Rd3 53. Re1
Kd4 54. Re2 Rh3 55. h5 Rh2+ 56. Ke1 Rxe2+ 57. Kxe2 e3 58. Ke1 Ke4 59. Ke2 Kf4
0-1

[Event "Open 2005 des PSV Rostock"]
[Site "Rostock"]
[Date "2005.08.26"]
[Round "3.9"]
[White "Hammel, Ralf"]
[Black "Illgen, Alexander"]
[Result "1/2-1/2"]
[WhiteElo "2188"]
[BlackElo "1925"]
[PlyCount "27"]
[EventDate "2005.08.25"]
[EventType "swiss"]
[EventRounds "7"]
[EventCountry "GER"]
[Source "Th. Schwetlick"]
[SourceDate "2005.08.25"]

1. e4 d6 2. d4 Nf6 3. Nc3 g6 4. h3 Bg7 5. Nf3 O-O 6. Be3 b6 7. Qd2 c5 8. d5 a6
9. a4 Qc7 10. Bc4 Re8 11. Rd1 Nbd7 12. O-O Bb7 13. Rfe1 Rad8 14. Bg5 1/2-1/2

[Event "Open 2005 des PSV Rostock"]
[Site "Rostock"]
[Date "2005.08.26"]
[Round "3.10"]
[White "Raitza, Egon"]
[Black "Helms, Sven"]
[Result "0-1"]
[WhiteElo "1890"]
[BlackElo "2148"]
[PlyCount "58"]
[EventDate "2005.08.25"]
[EventType "swiss"]
[EventRounds "7"]
[EventCountry "GER"]
[Source "Th. Schwetlick"]
[SourceDate "2005.08.25"]

1. d4 e6 2. Nf3 Nf6 3. e3 b6 4. c4 Bb4+ 5. Bd2 a5 6. Bd3 d5 7. b3 O-O 8. O-O
Nbd7 9. a3 Bxd2 10. Nbxd2 Bb7 11. Qc2 c5 12. Rac1 cxd4 13. exd4 Rc8 14. Rfd1
Qe7 15. Qb2 Ne4 16. b4 Nxd2 17. Nxd2 dxc4 18. Bxc4 Qg5 19. g3 b5 20. bxa5 Rxc4
21. Nxc4 Qd5 22. Kf1 bxc4 23. f3 Qxf3+ 24. Qf2 Qd5 25. Rb1 Nf6 26. Rb6 Ng4 27.
Qg1 Qf3+ 28. Ke1 Ne3 29. Rdb1 Be4 0-1

[Event "Open 2005 des PSV Rostock"]
[Site "Rostock"]
[Date "2005.08.26"]
[Round "3.11"]
[White "Moeller, Peter"]
[Black "Schmidt, Wolfgang"]
[Result "1-0"]
[WhiteElo "2146"]
[BlackElo "1851"]
[PlyCount "89"]
[EventDate "2005.08.25"]
[EventType "swiss"]
[EventRounds "7"]
[EventCountry "GER"]
[Source "Th. Schwetlick"]
[SourceDate "2005.08.25"]

1. g3 c6 2. Bg2 d6 3. d3 Qc7 4. e4 Nf6 5. f4 g6 6. Nf3 Qb6 7. c3 Bg7 8. Qe2 O-O
9. Na3 Qa6 10. O-O d5 11. e5 Ne4 12. Qe3 Nf6 13. exf6 Bxf6 14. Nc2 Bf5 15. Nb4
Qa5 16. d4 Qc7 17. h3 Nd7 18. g4 Be4 19. Ne5 Bxg2 20. Kxg2 Bh4 21. Nxd7 Qxd7
22. Nd3 Bf6 23. Bd2 e6 24. Be1 Qe7 25. Bg3 Rfe8 26. Rae1 Qf8 27. Re2 Rac8 28.
Nc5 Re7 29. g5 Bg7 30. f5 gxf5 31. Bd6 Qd8 32. Bxe7 Qxe7 33. Rxf5 b6 34. Nd3 c5
35. dxc5 bxc5 36. Qf3 d4 37. c4 h6 38. gxh6 Bxh6 39. Qh5 Be3 40. Qg4+ Kf8 41.
Rh5 Qb7+ 42. Qf3 Qc7 43. Qf6 Qc6+ 44. Kh2 Qd6+ 45. Ne5 1-0

[Event "Open 2005 des PSV Rostock"]
[Site "Rostock"]
[Date "2005.08.26"]
[Round "3.12"]
[White "Kutschke, Peter"]
[Black "Hamann, Dirk"]
[Result "1/2-1/2"]
[WhiteElo "2128"]
[BlackElo "1844"]
[PlyCount "51"]
[EventDate "2005.08.25"]
[EventType "swiss"]
[EventRounds "7"]
[EventCountry "GER"]
[Source "Th. Schwetlick"]
[SourceDate "2005.08.25"]

1. e4 Nf6 2. e5 Nd5 3. c4 Nb6 4. c5 Nd5 5. Bc4 e6 6. d4 d6 7. cxd6 cxd6 8. Nf3
dxe5 9. dxe5 Bb4+ 10. Bd2 Bxd2+ 11. Nbxd2 O-O 12. O-O b6 13. Qe2 Bb7 14. Rfd1
Qe7 15. Ne4 Nd7 16. Rac1 Rfd8 17. a3 Nf4 18. Qe3 Ng6 19. Ned2 Nh4 20. Nxh4 Qxh4
21. f4 Nf8 22. g3 Qh3 23. Bf1 Qg4 24. Bg2 Bxg2 25. Kxg2 Ng6 26. Nf3 1/2-1/2

[Event "Open 2005 des PSV Rostock"]
[Site "Rostock"]
[Date "2005.08.26"]
[Round "3.13"]
[White "Scholz, Alexander"]
[Black "Ott, Mathias"]
[Result "1-0"]
[WhiteElo "2115"]
[BlackElo "1843"]
[PlyCount "49"]
[EventDate "2005.08.25"]
[EventType "swiss"]
[EventRounds "7"]
[EventCountry "GER"]
[Source "Th. Schwetlick"]
[SourceDate "2005.08.25"]

1. c4 c6 2. d4 d5 3. Nf3 Nf6 4. Nc3 e6 5. cxd5 cxd5 6. Bf4 Nc6 7. e3 a6 8. Rc1
Be7 9. Bd3 O-O 10. a3 Bd7 11. O-O Rc8 12. b4 Na7 13. Qb3 Qb6 14. Ne5 Bb5 15.
Nxb5 Nxb5 16. Bg5 Rxc1 17. Rxc1 Rd8 18. a4 Na7 19. b5 h6 20. Bh4 a5 21. Bb1 Rc8
22. Rxc8+ Nxc8 23. Qc2 Nd6 24. Bxf6 Bxf6 25. Nd7 1-0

[Event "Open 2005 des PSV Rostock"]
[Site "Rostock"]
[Date "2005.08.26"]
[Round "3.14"]
[White "Schroeder, Christian"]
[Black "Eichstaedt, Enrico"]
[Result "1-0"]
[WhiteElo "2069"]
[BlackElo "1804"]
[PlyCount "127"]
[EventDate "2005.08.25"]
[EventType "swiss"]
[EventRounds "7"]
[EventCountry "GER"]
[Source "Th. Schwetlick"]
[SourceDate "2005.08.25"]

1. d4 Nf6 2. c4 c5 3. d5 b5 4. cxb5 a6 5. bxa6 Bxa6 6. Nc3 d6 7. e4 Bxf1 8.
Kxf1 g6 9. g3 Bg7 10. Kg2 O-O 11. f4 Nbd7 12. Nf3 Ne8 13. Re1 Ra6 14. e5 Nc7
15. b3 Qa8 16. Re2 Nb6 17. Rd2 Rd8 18. Bb2 dxe5 19. Nxe5 Nbxd5 20. Nxd5 Nxd5
21. Kf2 e6 22. a4 Qb7 23. Rc1 Rb6 24. Rd3 Rc8 25. Nc4 Ra6 26. Bxg7 Kxg7 27. Qe2
Qb8 28. Ne5 Qb7 29. Nc4 Qb8 30. Qe5+ Qxe5 31. fxe5 Rb8 32. Rf3 f5 33. exf6+
Nxf6 34. Kg2 Rd8 35. Rcf1 Nd5 36. Rf7+ Kg8 37. Rb7 Rf8 38. Rxf8+ Kxf8 39. Rxh7
Nb6 40. Ne5 c4 41. bxc4 Rxa4 42. c5 Nd5 43. c6 Ra2+ 44. Kh3 Rc2 45. Nxg6+ Kg8
46. Rd7 Rc5 47. Ne5 Nf6 48. Rf7 Nd5 49. Rb7 Kh8 50. Kh4 Rc2 51. h3 Kg8 52. Kg5
Kf8 53. h4 Ke8 54. h5 Re2 55. Ng6 Rg2 56. g4 Ne3 57. Ne5 Nd5 58. h6 Rh2 59. c7
Nxc7 60. Rxc7 Kd8 61. Rd7+ Ke8 62. Kg6 Re2 63. h7 Rh2 64. Kg7 1-0

[Event "Open 2005 des PSV Rostock"]
[Site "Rostock"]
[Date "2005.08.26"]
[Round "3.17"]
[White "Mangold, Thomas"]
[Black "Worm, Alfred"]
[Result "1/2-1/2"]
[WhiteElo "1351"]
[BlackElo "1690"]
[PlyCount "127"]
[EventDate "2005.08.25"]
[EventType "swiss"]
[EventRounds "7"]
[EventCountry "GER"]
[Source "Th. Schwetlick"]
[SourceDate "2005.08.25"]

1. f4 d5 2. Nf3 c5 3. e3 Nc6 4. Bb5 Bd7 5. b3 Nf6 6. Bb2 e6 7. O-O Be7 8. d3
O-O 9. Bxc6 Bxc6 10. Ne5 Bb5 11. Rf3 Nd7 12. Rh3 g6 13. Nxd7 Bxd7 14. Rf3 e5
15. h3 e4 16. Rf1 Bh4 17. Nd2 Qe7 18. d4 b6 19. c4 Be6 20. Rc1 Rfd8 21. cxd5
Bxd5 22. Ba3 Rac8 23. Qe2 Rc7 24. Rc2 g5 25. f5 Rc6 26. Qg4 Qd6 27. Nxe4 Bxe4
28. Qxe4 f6 29. Rd1 Qd7 30. d5 Rd6 31. Rcd2 Re8 32. Qf3 Re5 33. e4 Qg7 34. Bb2
Re8 35. Re2 g4 36. Qxg4 Qxg4 37. hxg4 Bg3 38. Kf1 Kf7 39. Rd3 Bf4 40. Rf3 Bg5
41. Bc3 Rd7 42. Bd2 Bxd2 43. Rxd2 Rxe4 44. Rg3 Rd4 45. Rxd4 cxd4 46. Rd3 Rxd5
47. Ke2 Kg7 48. Kf3 Kh6 49. Kf4 Rd7 50. a3 b5 51. b4 a6 52. Rd1 d3 53. Rh1+ Kg7
54. g5 d2 55. gxf6+ Kxf6 56. Rd1 h5 57. Ke4 h4 58. Ke3 Kxf5 59. Rxd2 Rxd2 60.
Kxd2 Kf4 61. Ke2 Kg4 62. Kf2 Kf4 63. Ke2 Ke4 64. Kf2 1/2-1/2

[Event "Open 2005 des PSV Rostock"]
[Site "Rostock"]
[Date "2005.08.26"]
[Round "3.18"]
[White "Stahl, Rene"]
[Black "Boehm, Matthias"]
[Result "1/2-1/2"]
[WhiteElo "1447"]
[BlackElo "1673"]
[PlyCount "41"]
[EventDate "2005.08.25"]
[EventType "swiss"]
[EventRounds "7"]
[EventCountry "GER"]
[Source "Th. Schwetlick"]
[SourceDate "2005.08.25"]

1. d4 Nf6 2. c4 g6 3. Nc3 d5 4. cxd5 Nxd5 5. e4 Nxc3 6. bxc3 Bg7 7. Bc4 O-O 8.
Ne2 c5 9. Be3 Nc6 10. O-O Qc7 11. Qc2 Na5 12. Bb3 Nxb3 13. Qxb3 b6 14. Bf4 Qb7
15. f3 cxd4 16. cxd4 Bd7 17. Rac1 Rac8 18. Be3 Rxc1 19. Rxc1 Rc8 20. Kf2 e6 21.
Rxc8+ 1/2-1/2

[Event "Open 2005 des PSV Rostock"]
[Site "Rostock"]
[Date "2005.08.26"]
[Round "3.19"]
[White "Ehlers, Michael"]
[Black "Jeck, Horst"]
[Result "1-0"]
[WhiteElo "1626"]
[BlackElo "1418"]
[PlyCount "31"]
[EventDate "2005.08.25"]
[EventType "swiss"]
[EventRounds "7"]
[EventCountry "GER"]
[Source "Th. Schwetlick"]
[SourceDate "2005.08.25"]

1. e4 e5 2. f4 exf4 3. Nf3 d6 4. Bc4 Be7 5. O-O Nf6 6. d3 d5 7. exd5 Nxd5 8.
Nc3 Nxc3 9. bxc3 Nd7 10. Bxf4 O-O 11. Qe1 Re8 12. Qg3 c6 13. Bc7 Bc5+ 14. d4
Qf6 15. Ne5 Qxe5 16. Bxf7+ 1-0

[Event "Open 2005 des PSV Rostock"]
[Site "Rostock"]
[Date "2005.08.26"]
[Round "3.20"]
[White "Modrow, Andreas"]
[Black "Krueger, Alexander"]
[Result "0-1"]
[WhiteElo "1235"]
[BlackElo "1889"]
[PlyCount "50"]
[EventDate "2005.08.25"]
[EventType "swiss"]
[EventRounds "7"]
[EventCountry "GER"]
[Source "Th. Schwetlick"]
[SourceDate "2005.08.25"]

1. c4 e5 2. Nc3 d6 3. e4 Be6 4. d3 Nc6 5. f4 g6 6. Nf3 Qd7 7. Be2 Bg7 8. O-O
O-O-O 9. Ng5 Kb8 10. Nxe6 fxe6 11. Be3 exf4 12. Rxf4 Bh6 13. Rf3 Bxe3+ 14. Rxe3
Nd4 15. Qd2 Ne7 16. Rf1 Rdf8 17. Bf3 Nec6 18. Ne2 h5 19. h4 Qe7 20. Nxd4 Nxd4
21. Qf2 g5 22. hxg5 Qxg5 23. Qe1 Rhg8 24. Qf2 Rf4 25. Qd2 Rxf3 0-1

[Event "Open 2005 des PSV Rostock"]
[Site "Rostock"]
[Date "2005.08.26"]
[Round "3.21"]
[White "Hinkelmann, Dieter"]
[Black "Jakob, Florian"]
[Result "0-1"]
[WhiteElo "1537"]
[BlackElo "1636"]
[PlyCount "68"]
[EventDate "2005.08.25"]
[EventType "swiss"]
[EventRounds "7"]
[EventCountry "GER"]
[Source "Th. Schwetlick"]
[SourceDate "2005.08.25"]

1. e4 c5 2. Nf3 Nc6 3. d4 cxd4 4. Nxd4 Qb6 5. c3 Nf6 6. Qd3 Nxd4 7. cxd4 Qc6 8.
Nc3 e6 9. f3 Bb4 10. Bd2 O-O 11. a3 Be7 12. Rc1 Qb6 13. Na4 Qd8 14. Qc2 d6 15.
Bd3 e5 16. d5 Bd7 17. Ke2 Ne8 18. b4 Bg5 19. Nb2 Bxd2 20. Qxd2 g6 21. g4 Nc7
22. h4 Nb5 23. Qh6 Nd4+ 24. Kf2 Qf6 25. Qe3 Bxg4 26. Kg3 Qxf3+ 27. Qxf3 Bxf3
28. Rhf1 Be2 29. Rf6 Bxd3 30. Nxd3 Ne2+ 31. Kf2 Nxc1 32. Nxc1 Rfd8 33. Ke3 Rac8
34. Ne2 Kg7 0-1

[Event "Open 2005 des PSV Rostock"]
[Site "Rostock"]
[Date "2005.08.26"]
[Round "3.22"]
[White "Glebow, Roman"]
[Black "Mueggenburg, Rolf"]
[Result "1-0"]
[WhiteElo "1589"]
[BlackElo "1507"]
[PlyCount "67"]
[EventDate "2005.08.25"]
[EventType "swiss"]
[EventRounds "7"]
[EventCountry "GER"]
[Source "Th. Schwetlick"]
[SourceDate "2005.08.25"]

1. e4 Nf6 2. e5 Nd5 3. Nf3 Nc6 4. d4 e6 5. Bd3 Be7 6. O-O h6 7. Nbd2 Nf4 8. Bb5
Nb4 9. Ne4 g5 10. h4 Nbd5 11. g3 Nh3+ 12. Kg2 g4 13. Nh2 h5 14. Nxg4 Nhf4+ 15.
Bxf4 Nxf4+ 16. gxf4 hxg4 17. Rh1 f5 18. Ng5 a6 19. Be2 b5 20. Rh2 c6 21. f3
Bxg5 22. fxg5 g3 23. Kxg3 Kf7 24. f4 Kg6 25. h5+ Kh7 26. h6 Rg8 27. Kf2 d5 28.
Bh5 Rxg5 29. fxg5 Qxg5 30. Bf3 Qf4 31. Rg2 Qh4+ 32. Ke2 Ra7 33. c3 a5 34. Qh1
1-0

[Event "Open 2005 des PSV Rostock"]
[Site "Rostock"]
[Date "2005.08.26"]
[Round "4.1"]
[White "Seils, Jörg"]
[Black "Rudolf, Henrik"]
[Result "1/2-1/2"]
[WhiteElo "2365"]
[BlackElo "2329"]
[PlyCount "58"]
[EventDate "2005.08.25"]
[EventType "swiss"]
[EventRounds "7"]
[EventCountry "GER"]
[Source "Th. Schwetlick"]
[SourceDate "2005.08.25"]

1. e4 c5 2. c3 Nf6 3. e5 Nd5 4. Nf3 e6 5. d4 cxd4 6. cxd4 d6 7. Nc3 Nxc3 8.
bxc3 Qc7 9. Bd2 Nd7 10. exd6 Bxd6 11. Bd3 O-O 12. O-O b6 13. Re1 Bb7 14. h3
Rac8 15. c4 Rfe8 16. Rc1 Bf4 17. Be4 Bxd2 18. Nxd2 Nf6 19. Bxb7 Qxb7 20. Nb3
Red8 21. Qe2 Qa6 22. Rc2 Rc7 23. Rec1 Rdc8 24. c5 Qxe2 25. Rxe2 Nd5 26. Rec2
Kf8 27. g3 Nb4 28. Rd2 Na6 29. Rdc2 Nb4 1/2-1/2

[Event "Open 2005 des PSV Rostock"]
[Site "Rostock"]
[Date "2005.08.26"]
[Round "4.2"]
[White "Hetey, Laszlo"]
[Black "Steinhagen, Bernd"]
[Result "0-1"]
[WhiteElo "2322"]
[BlackElo "2258"]
[PlyCount "80"]
[EventDate "2005.08.25"]
[EventType "swiss"]
[EventRounds "7"]
[EventCountry "GER"]
[Source "Th. Schwetlick"]
[SourceDate "2005.08.25"]

1. d4 Nf6 2. c4 e6 3. Nc3 d5 4. Bg5 Nbd7 5. e3 Be7 6. cxd5 exd5 7. Bd3 O-O 8.
Nge2 Re8 9. O-O Nf8 10. Rc1 c6 11. Ng3 Ne6 12. Bxf6 Bxf6 13. b4 g6 14. Qb3 a6
15. a4 Bd7 16. Rfd1 Qe7 17. Bb1 h5 18. Nge2 h4 19. h3 Bg7 20. Rf1 Ng5 21. Nf4
Qf6 22. Kh1 Bf8 23. Nce2 Bd6 24. b5 axb5 25. axb5 Ne4 26. bxc6 bxc6 27. Bxe4
dxe4 28. f3 Rab8 29. Qa2 Qg5 30. fxe4 Rxe4 31. Rf3 Rbe8 32. Qd2 Qe7 33. d5 c5
34. Rc3 Qe5 35. Ra3 g5 36. Nc3 Rb4 37. Ra7 gxf4 38. exf4 Qe1+ 39. Qxe1 Rxe1+
40. Kh2 Rxf4 0-1

[Event "Open 2005 des PSV Rostock"]
[Site "Rostock"]
[Date "2005.08.26"]
[Round "4.3"]
[White "Luetje, Juergen"]
[Black "Hoffmann, Hendrik"]
[Result "0-1"]
[WhiteElo "2135"]
[BlackElo "2284"]
[PlyCount "78"]
[EventDate "2005.08.25"]
[EventType "swiss"]
[EventRounds "7"]
[EventCountry "GER"]
[Source "Th. Schwetlick"]
[SourceDate "2005.08.25"]

1. d4 Nf6 2. Nf3 g6 3. g3 Bg7 4. Bg2 O-O 5. O-O d6 6. c4 Nc6 7. Nc3 a6 8. e4
Bg4 9. h3 Bxf3 10. Bxf3 Nd7 11. Be3 e5 12. d5 Nd4 13. Bg2 f5 14. Qd2 Nf6 15. f4
Qd7 16. fxe5 dxe5 17. Kh2 Nh5 18. exf5 gxf5 19. Bxd4 exd4 20. Ne2 Qd6 21. Qg5
Qg6 22. Qxg6 hxg6 23. Bf3 Rae8 24. Bxh5 gxh5 25. Nf4 Re4 26. Ne6 Rf7 27. Rae1
d3 28. Rxe4 fxe4 29. Rxf7 Kxf7 30. Ng5+ Kf6 31. Nxe4+ Ke5 32. Nf2 Kd4 33. b3
Ke3 34. Kg2 Ke2 35. Ne4 Bh6 36. g4 hxg4 37. hxg4 d2 38. Nc3+ Ke1 39. Kf3 Bg7
0-1

[Event "Open 2005 des PSV Rostock"]
[Site "Rostock"]
[Date "2005.08.26"]
[Round "4.4"]
[White "Lorenz, Joerg"]
[Black "Kliewe, Hans Juergen"]
[Result "1/2-1/2"]
[WhiteElo "2163"]
[BlackElo "2166"]
[PlyCount "30"]
[EventDate "2005.08.25"]
[EventType "swiss"]
[EventRounds "7"]
[EventCountry "GER"]
[Source "Th. Schwetlick"]
[SourceDate "2005.08.25"]

1. e4 e6 2. d4 d5 3. e5 c5 4. c3 Nc6 5. Nf3 Qb6 6. Bd3 Bd7 7. dxc5 Bxc5 8. Qe2
a5 9. Nbd2 Qc7 10. Nb3 Ba7 11. O-O Nge7 12. Bf4 a4 13. Nbd4 Bxd4 14. cxd4 Qb6
15. Rfd1 Nb4 1/2-1/2

[Event "Open 2005 des PSV Rostock"]
[Site "Rostock"]
[Date "2005.08.26"]
[Round "4.5"]
[White "Ruesch, Hans Joachim"]
[Black "Porsch, Harald"]
[Result "1/2-1/2"]
[WhiteElo "2055"]
[BlackElo "2258"]
[PlyCount "80"]
[EventDate "2005.08.25"]
[EventType "swiss"]
[EventRounds "7"]
[EventCountry "GER"]
[Source "Th. Schwetlick"]
[SourceDate "2005.08.25"]

1. d4 Nf6 2. Nf3 g6 3. c4 Bg7 4. Nc3 d6 5. e4 O-O 6. Be2 Nc6 7. d5 Nb8 8. O-O
c5 9. Bf4 h6 10. Nd2 e5 11. Be3 g5 12. g4 Re8 13. Re1 Nbd7 14. Nf1 Nf8 15. Ng3
Ng6 16. h3 Nf4 17. Bf1 Kh7 18. Rb1 Rg8 19. b4 b6 20. bxc5 bxc5 21. f3 Bf8 22.
Qc2 Rg6 23. Rb2 h5 24. Nf5 Bxf5 25. exf5 Rh6 26. Bxf4 exf4 27. Ne4 Nxe4 28.
Qxe4 hxg4 29. fxg4 Kg8 30. Rb7 Qa5 31. Re2 Bg7 32. Qc2 Bd4+ 33. Kg2 Be5 34. Qb3
Kg7 35. Rxf7+ Kxf7 36. Qb7+ Kg8 37. Qxa8+ Kf7 38. Qb7+ Kf8 39. Qb8+ Kf7 40.
Qb7+ Kf8 1/2-1/2

[Event "Open 2005 des PSV Rostock"]
[Site "Rostock"]
[Date "2005.08.26"]
[Round "4.6"]
[White "Gottschalk, Jens"]
[Black "Scholz, Alexander"]
[Result "1-0"]
[WhiteElo "2219"]
[BlackElo "2115"]
[PlyCount "61"]
[EventDate "2005.08.25"]
[EventType "swiss"]
[EventRounds "7"]
[EventCountry "GER"]
[Source "Th. Schwetlick"]
[SourceDate "2005.08.25"]

1. d4 d5 2. c4 e6 3. Nc3 Nf6 4. Bg5 Nbd7 5. e3 c6 6. Nf3 Qa5 7. Nd2 Bb4 8. Qc2
Ne4 9. Ndxe4 dxe4 10. Bh4 O-O 11. Be2 e5 12. O-O f5 13. f3 exf3 14. Rxf3 e4 15.
Rf2 Nf6 16. Raf1 Be6 17. Bg3 Rad8 18. a3 Bd6 19. Bxd6 Rxd6 20. g4 fxg4 21. Nxe4
Rdd8 22. Rxf6 Rxf6 23. Nxf6+ gxf6 24. Rxf6 Qe1+ 25. Rf1 Qh4 26. Qe4 Re8 27. Qf4
b5 28. cxb5 Bd5 29. bxc6 h5 30. c7 Qe7 31. Ba6 1-0

[Event "Open 2005 des PSV Rostock"]
[Site "Rostock"]
[Date "2005.08.26"]
[Round "4.7"]
[White "Helms, Sven"]
[Black "Schroeder, Christian"]
[Result "0-1"]
[WhiteElo "2148"]
[BlackElo "2069"]
[PlyCount "72"]
[EventDate "2005.08.25"]
[EventType "swiss"]
[EventRounds "7"]
[EventCountry "GER"]
[Source "Th. Schwetlick"]
[SourceDate "2005.08.25"]

1. d4 d5 2. c4 c6 3. Nc3 Nf6 4. Nf3 dxc4 5. a4 e6 6. e3 Bb4 7. Bxc4 O-O 8. O-O
b6 9. Ne5 Qe7 10. Qe2 c5 11. Rd1 Bb7 12. Na2 Ba5 13. b3 Nc6 14. Nxc6 Bxc6 15.
dxc5 bxc5 16. Bb2 Rfd8 17. Nc3 Nd5 18. Nxd5 exd5 19. Bd3 Rab8 20. Qg4 g6 21.
Qf4 f5 22. Bc2 Bc7 23. Qh6 Be5 24. Bxe5 Qxe5 25. h4 Rb4 26. h5 Rd6 27. e4 fxe4
28. hxg6 Rxg6 29. Qh3 d4 30. Qc8+ Kg7 31. f3 Rb8 32. Qh3 d3 33. Bxd3 exd3 34.
Re1 Qd4+ 35. Kh1 Rb7 36. Re6 Qxa1+ 0-1

[Event "Open 2005 des PSV Rostock"]
[Site "Rostock"]
[Date "2005.08.26"]
[Round "4.8"]
[White "Schoenrock, Ruediger"]
[Black "Moeller, Peter"]
[Result "1/2-1/2"]
[WhiteElo "2126"]
[BlackElo "2146"]
[PlyCount "61"]
[EventDate "2005.08.25"]
[EventType "swiss"]
[EventRounds "7"]
[EventCountry "GER"]
[Source "Th. Schwetlick"]
[SourceDate "2005.08.25"]

1. e4 g6 2. d4 Bg7 3. Nf3 c6 4. c4 d5 5. cxd5 cxd5 6. exd5 Nf6 7. Bb5+ Kf8 8.
Nc3 Nxd5 9. Bc4 Nb6 10. Bb3 Nc6 11. Be3 Na5 12. Ng5 Nxb3 13. Qxb3 e6 14. O-O h6
15. Nf3 Nd5 16. Rac1 b6 17. Nxd5 Qxd5 18. Qa3+ Ke8 19. Rc7 Bf8 20. Qa4+ Bd7 21.
Qc2 Bd6 22. Rc3 Bb4 23. Rc7 Bd6 24. Rc3 Bb4 25. Rc4 Bd6 26. Ne5 b5 27. Rc3 Ke7
28. Nxd7 Kxd7 29. Rc1 Qb7 30. h3 h5 31. Qd2 1/2-1/2

[Event "Open 2005 des PSV Rostock"]
[Site "Rostock"]
[Date "2005.08.26"]
[Round "4.9"]
[White "Hammel, Ralf"]
[Black "Bahr, Enrico"]
[Result "1/2-1/2"]
[WhiteElo "2188"]
[BlackElo "2004"]
[PlyCount "31"]
[EventDate "2005.08.25"]
[EventType "swiss"]
[EventRounds "7"]
[EventCountry "GER"]
[Source "Th. Schwetlick"]
[SourceDate "2005.08.25"]

1. e4 d5 2. exd5 Qxd5 3. Nc3 Qa5 4. d4 Bf5 5. Nf3 Nf6 6. Bc4 e6 7. Bd2 c6 8.
Ne5 Nbd7 9. Nxd7 Nxd7 10. O-O Qc7 11. Qe2 Bd6 12. h3 O-O 13. Ne4 Bf4 14. Bd3
Bxd2 15. Nxd2 Bxd3 16. Qxd3 1/2-1/2